Actitudes lingüísticas, escuela e inmigración : los escolares ante la diversidad lingüística y cultural /

Đã lưu trong:
Chi tiết về thư mục
Những tác giả chính: Chireac, Silvia María (Tác giả), Huguet, Angel (Tác giả), Janés Carulla, Judit (Tác giả), Navarro Sierra, José Luis (Tác giả), Querol Coronado, Mónica (Tác giả), Sansó Galiay, Clara (Tác giả)
Tác giả khác: Lapresta Rey, Cecilio (Biên tập viên)
Định dạng: Điện tử eBook
Ngôn ngữ:Tiếng Tây Ban Nha
Tiếng Catalan
Được phát hành: [Madrid] : Ministerio de Educación, Cultura y Deporte, Secretaría General Técnica, Subdirección General de Documentación y Publicaciones, 2012.
Loạt:Colección Investigación (Instituto de Formación del Profesorado, Investigación e Innovación Educativa (Spain)) ; no. 187.
Những chủ đề:
Truy cập trực tuyến:Digitalia Hispánica
Các nhãn: Thêm thẻ
Không có thẻ, Là người đầu tiên thẻ bản ghi này!

MARC

LEADER 00000nam a2200000Ii 4500
001 DIGMECD0017
003 NyNyDIG
008 140708s2012 sp ob 000 0 spa d
006 m o d
007 cr |||||||||||
040 |a DGITA  |b eng  |e rda  |e pn  |c DGITA 
020 |a 9788436952803  |q eBook  |q pdf 
020 |a 8436952804  |q eBook  |q pdf 
020 |z 9788436948394  |q CD-ROM 
020 |z 8436948394  |q CD-ROM 
024 7 |a 030-12-008-5  |q libro electrónico  |2 nipo 
041 0 |a spa  |a cat 
043 |a e-sp--- 
050 1 4 |a LC3747.S7 ebook 
245 0 0 |a Actitudes lingüísticas, escuela e inmigración :  |b los escolares ante la diversidad lingüística y cultural /  |c Cecilio Lapresta Rey (coord.) ; Silvia María Chireac, Ángel Huguet Canalis, Judit Janés Carulla, José Luis Navarro Sierra, Clara Sansó Galiay. 
264 1 |a [Madrid] :  |b Ministerio de Educación, Cultura y Deporte, Secretaría General Técnica, Subdirección General de Documentación y Publicaciones,  |c 2012. 
300 |a 1 online resource (403 pages) 
336 |a text  |b txt  |2 rdacontent 
337 |a computer  |b c  |2 rdamedia 
338 |a online resource  |b cr  |2 rdacarrier 
490 1 |a Colección: Investigación ;  |v no. 187 
504 |a Includes bibliographical references. 
546 |a Text in Spanish and Catalan. 
586 |a Segundo Premio de Investigación Educativa 2007, Modalidad de Investigación Educativa 
588 |a Description based on online resource; title from PDF title page (Digitalia, viewed June 26, 2014) 
650 0 |a Children of immigrants  |x  Education  |z  Spain.  
650 0 |a Multicultural education  |z Spain. 
650 0 |a Immigrants  |x Education  |z Spain. 
650 0 |a Education, Bilingual  |z Spain. 
650 0 |a Spanish language  |x Social aspects. 
650 0 |a Catalan language  |x Social aspects. 
655 0 |a Electronic books. 
700 1 |a Lapresta Rey, Cecilio,  |e editor. 
700 1 |a Chireac, Silvia María,  |e author. 
700 1 |a Huguet, Angel,  |e author. 
700 1 |a Janés Carulla, Judit,  |e author. 
700 1 |a Navarro Sierra, José Luis,  |e author. 
700 1 |a Querol Coronado, Mónica,  |e author. 
700 1 |a Sansó Galiay, Clara,  |e author. 
791 2 |a Digitalia (Firm),  |e distributor. 
793 0 |g Digitalia eBook Collection:   |a  Ministerio de Educación, Cultura y Deporte de España 
776 0 8 |i CD-ROM version:  |t Actitudes lingüísticas, escuela e inmigración.  |d Madrid : Ministerio de Educación, Política Social y Deporte, IFIIE, 2009  |z 9788436948394 
830 0 |a Colección Investigación (Instituto de Formación del Profesorado, Investigación e Innovación Educativa (Spain)) ;  |v no. 187. 
856 4 0 |3 Digitalia Hispánica  |u https://digitalia.unach.elogim.com/a/19302/